header

Rebels, mavericks, and heretics in biology (Record no. 31699)

MARC details
000 -LEADER
fixed length control field 01409nam a2200349 a 4500
082 04 - DEWEY DECIMAL CLASSIFICATION NUMBER
Classification number 570.9
245 00 - TITLE STATEMENT
Title Rebels, mavericks, and heretics in biology
260 ## - PUBLICATION, DISTRIBUTION, ETC. (IMPRINT)
Place of publication New Haven :
Name of publisher Yale University Press,
Year of publication c2008.
300 ## - PHYSICAL DESCRIPTION
Number of Pages viii, 400 p. :
Other physical details ill., map.
650 #0 - SUBJECT ADDED ENTRY--TOPICAL TERM
Topical Term Biology
Topical Term Biologists
700 1# - ADDED ENTRY--PERSONAL NAME
Personal name Harman, Oren Solomon.
Personal name Dietrich, Michael R.
856 40 - ELECTRONIC LOCATION AND ACCESS
Uniform Resource Identifier http://site.ebrary.com/lib/rucke/Doc?id=10348492

No items available.

© 2026 Rongo University
Contact us: librarian | system librarian | Rongo university